A TEXTBOOK OF FIBER SCIENCE & TECHNOLOGY (Record no. 9921)
[ view plain ]
| 000 -LEADER | |
|---|---|
| fixed length control field | 00341nam a22001577a 4500 |
| 003 - CONTROL NUMBER IDENTIFIER | |
| control field | SGT |
| 020 ## - INTERNATIONAL STANDARD BOOK NUMBER | |
| International Standard Book Number | 81-224-1250-5 |
| 082 ## - DEWEY DECIMAL CLASSIFICATION NUMBER | |
| Classification number | 746,MIS |
| 100 ## - MAIN ENTRY--PERSONAL NAME | |
| Personal name | MISHRA.SP. |
| 245 ## - TITLE STATEMENT | |
| Title | A TEXTBOOK OF FIBER SCIENCE & TECHNOLOGY |
| 260 ## - PUBLICATION, DISTRIBUTION, ETC. (IMPRINT) | |
| Place of publication, distribution, etc | INDIA |
| Name of publisher, distributor, etc | WILEY |
| Year of Publication | 2014 |
| 300 ## - PAGE DESCRIPTION | |
| No. of Pages | 363 |
| 650 ## - SUBJECT ADDED ENTRY--TOPICAL TERM | |
| Topical term or geographic name as entry element | FIBER SCIENCE |
| 653 ## - KEYWORDS--INDEX TERM | |
| Keyword term | FIBER |
| 942 ## - ADDED ENTRY ELEMENTS (KOHA) | |
| Source of classification or shelving scheme | Dewey Decimal Classification |
| Koha item type | Books |
| 942 ## - ADDED ENTRY ELEMENTS (KOHA) | |
| -- | 4 |
| Withdrawn status | Lost status | Source of classification or shelving scheme | Damaged status | Not for loan | Home library | Current library | Shelving location | Date acquired | Vendor Name | Cost, normal purchase price | SGTU | Bill Number | Total Checkouts | Full call number | Accession No. (Barcode) | Date last seen | Date last borrowed | Bill Date | Koha item type |
|---|---|---|---|---|---|---|---|---|---|---|---|---|---|---|---|---|---|---|---|
| Dewey Decimal Classification | SGT Science & Social Sciences Library | SGT Science & Social Sciences Library | Text Book | 17/09/2016 | ABC DELHI | 250.00 | SGTU | 7131 | 3 | 746,MIS | FF17 | 26/08/2025 | 21/03/2025 | 17/09/2016 | Books | ||||
| Dewey Decimal Classification | SGT Science & Social Sciences Library | SGT Science & Social Sciences Library | Text Book | 17/09/2016 | ABC DELHI | 250.00 | SGTU | 7131 | 4 | 746,MIS | FF18 | 03/12/2019 | 29/10/2019 | 17/09/2016 | Books | ||||
| Dewey Decimal Classification | SGT Science & Social Sciences Library | SGT Science & Social Sciences Library | Text Book | 17/09/2016 | ABC DELHI | 250.00 | SGTU | 7131 | 3 | 746,MIS | FF19 | 21/10/2024 | 09/10/2024 | 17/09/2016 | Books | ||||
| Dewey Decimal Classification | SGT Science & Social Sciences Library | SGT Science & Social Sciences Library | Text Book | 17/09/2016 | ABC DELHI | 250.00 | SGTU | 7131 | 5 | 746,MIS | FF20 | 24/12/2025 | 30/09/2025 | 17/09/2016 | Books | ||||
| Dewey Decimal Classification | SGT Science & Social Sciences Library | SGT Science & Social Sciences Library | Text Book | 17/09/2016 | ABC DELHI | 250.00 | SGTU | 7131 | 6 | 746,MIS | FF21 | 21/05/2024 | 08/05/2024 | 17/09/2016 | Books |